| 000 | 00837nam a2200289Ia 4500 | ||
|---|---|---|---|
| 003 | OSt | ||
| 005 | 20220912145157.0 | ||
| 006 | a|||||r|||| 00| 0 | ||
| 007 | ta | ||
| 008 | 220909b |||||||| |||| 00| 0 eng d | ||
| 020 | _a9780911910001 (hbd) | ||
| 024 | _a80887 | ||
| 037 | _b914, 17/03/2008, Sethi Book House | ||
| 037 | _cTextbook | ||
| 040 |
_aCSL _beng _cCSL |
||
| 041 | _aeng | ||
| 082 | _aE5k, P6 RR | ||
| 100 | _aNeil Maryadele J | ||
| 245 | 0 | _aMerck Index:an encyclopedia of chemicals,dugs, and biologicals | |
| 250 | _a14 | ||
| 260 |
_aNew Jersey _bMerck & Co. _c2006 |
||
| 300 |
_axiv,1756+v.p. Includes CD-Rom _ccm. |
||
| 650 | _a Merck index | ||
| 650 | _aChemistry | ||
| 942 |
_hE5k, P6 RR _cTB _2CC |
||
| 999 |
_c25109 _d25109 |
||